| 000 | 00546nam a2200169 a 4500 | ||
|---|---|---|---|
| 001 | 60208 | ||
| 005 | 20180714061401.0 | ||
| 008 | 140415s2010 000 0 eng d | ||
| 020 | _a9789264091498 | ||
| 041 | _aeng | ||
| 082 |
_a371.264 _bPIS |
||
| 245 | 0 | 0 |
_aPISA 2009 RESULTS : _bCHANGES IN STUDENT PERFORMANCE SINCE 2000 |
| 250 | _a1a ed. | ||
| 260 |
_aPARIS : _bOECD, _c2010, |
||
| 300 | _a17 | ||
| 650 | 1 | 4 |
_aMEDICIONES Y PRUEBAS EDUCATIVAS _xEVALUACIN EDUCATIVA _xESTUDIOS INTERCULTURALES _xADMINISTRACIN ESCOLAR _xESCOLAR |
| 999 |
_c60208 _d60208 |
||